合併して消滅した自治体Part.1 - Statistics

General Stats
  • This quiz has been taken 6 times
  • The average score is 37 of 40
Answer Stats
Hint Answer % Correct
佐多町 南大隅町
100%
京北町 京都市
100%
新津市 新潟市
100%
徳山市 周南市
100%
大社町 出雲市
100%
上石津町 大垣市
100%
園部町 南丹市
100%
温泉町 新温泉町
100%
愛知川町 愛荘町
100%
古川市 大崎市
100%
留辺蘂町 北見市
100%
信楽町 甲賀市
100%
余呉町 長浜市
100%
東粟倉町 美作市
100%
岩槻市 さいたま市
100%
余目町 庄内町
100%
天竜市 浜松市
100%
三陸町 大船渡市
100%
西枇杷島町 清須市
100%
由比町 静岡市
100%
名瀬市 奄美市
100%
藤野町 相模原市
100%
梓川村 松本市
100%
城崎町 豊岡市
100%
宍道町 松江市
100%
両津町 佐渡市
100%
福江町 五島市
100%
窪川町 四万十町
80%
宇奈月町 黒部市
80%
足尾町 日光市
80%
厳原町 対馬市
80%
吉良町 西尾市
80%
上甑町 薩摩川内市
80%
椴法華町 函館市
80%
菱刈町 伊佐市
80%
加治木町 姶良市
80%
伊良部町 宮古島市
80%
安心院町 宇佐市
60%
新里町 桐生市
60%
浄法寺町 二戸市
60%
No matching quizzes found
Score Distribution
Percent of People with Each Score
Percentile by Number Answered
Your Score History
You have not taken this quiz